000 00336nam a22001457a 4500
008 210311b ||||| |||| 00| 0 eng d
020 _a113336540x
041 _aeng
080 _29th
_a510
082 _a510
100 _a36
101 _aMAT
245 _aIntermediate Algebra an Applied Approach
_cAufmann, R. N
942 _2udc
_cBK
999 _c56410
_d56410